[Event "Open Ricany 2011"]
[Site "http://www.openricany.cz"]
[Date "2011.08.22"]
[Round "4.51"]
[White "Cerny, Michal"]
[Black "Suchy, Ladislav"]
[Result "1-0"]
[WhiteElo "1806"]
[BlackElo "1870"]

1. e4 Nc6 2. d4 d5 3. e5 f6 4. Bd3 g6 5. Nf3 Bg4 6. Bb5 Bg7 7. Bf4 Nh6 8. O-O
fxe5 9. Bxc6+ bxc6 10. Bxe5 O-O 11. Nbd2 Bxe5 12. dxe5 Qd7 13. h3 Bh5 14. Qe2
Qf5 15. Qe3 Bxf3 16. Nxf3 Nf7 17. e6 Nd8 18. Nd4 Qf4 19. Qc3 Rb8 20. Rae1 Rf6
21. Re3 Qd6 22. Nb3 Nxe6 23. Qa5 d4 24. Re4 c5 25. Qxa7 Rb6 26. Qa4 Ra6 27. Qc4
Kg7 28. Rfe1 Rb6 29. a3 Kf8 30. Nc1 Rc6 31. Nd3 Rb6 32. f3 Ra6 33. Re5 Rc6
34. h4 Ke8 35. Qb5 Kf7 36. Qc4 Ke8 37. Kf2 Kf8 38. a4 Ke8 39. R1e4 Kf8 40. Kg1
Ke8 41. a5 Kf8 42. Kf2 Ra6 43. g3 Qc6 44. Kg2 Qd6 45. Nxc5 Nxc5 46. Rxc5 Rc6
47. Rxc6 Qxc6 48. Qxc6 Rxc6 49. Rxd4 Rxc2+ 50. Kh3 Rxb2 51. Ra4 c5 52. a6 Rb8
53. Kg4 Ra8 54. Kf4 h6 55. Ke4 g5 56. hxg5 hxg5 57. Kd5 e5 58. Kxe5 1-0

[Event "Open Ricany 2011"]
[Site "http://www.openricany.cz"]
[Date "2011.08.22"]
[Round "4.33"]
[White "Vitek, Jan"]
[Black "Kovar, Jan"]
[Result "1-0"]
[WhiteElo "1832"]
[BlackElo "2002"]

1. e4 c5 2. Nf3 d6 3. d4 cxd4 4. Nxd4 Nf6 5. Nc3 g6 6. Be2 Bg7 7. Be3 O-O
8. O-O Nc6 9. Nb3 a6 10. a4 Bd7 11. f4 Rc8 12. g4 Qc7 13. g5 Ne8 14. Nd5 Qb8
15. Nd4 Kh8 16. Nxc6 bxc6 17. Nb6 Rd8 18. Nxd7 Rxd7 19. Bxa6 Nc7 20. Be2 Qxb2
21. Qd3 Qb4 22. Rfb1 Qa5 23. Bb6 Qa8 24. Bg4 Ne6 25. Ra3 Nxf4 26. Qc4 e6 27. a5
c5 28. Bf3 Nh3+ 29. Kh1 Nxg5 30. Bg2 d5 31. Qb5 Qc8 32. a6 Nxe4 33. Bxe4 dxe4
34. Bxc5 Rfd8 35. a7 Qa8 36. Qxd7 Rxd7 37. Rb8+ Bf8 38. Rxa8 1-0

[Event "Open Ricany 2011"]
[Site "http://www.openricany.cz"]
[Date "2011.08.22"]
[Round "4.25"]
[White "Skacel, Jan"]
[Black "Vorackova, Jarmila"]
[Result "1/2-1/2"]
[WhiteElo "2050"]
[BlackElo "1925"]

1. e4 c6 2. d4 d5 3. exd5 cxd5 4. Bd3 Nc6 5. c3 Nf6 6. Bf4 Bg4 7. Qb3 Qd7
8. Nd2 a6 9. h3 Bh5 10. Ngf3 Bxf3 11. Nxf3 e6 12. O-O Be7 13. Rfe1 O-O 14. Qc2
b5 15. Qe2 b4 16. Bg5 bxc3 17. bxc3 a5 18. Rab1 Rab8 19. Bf4 Bd6 20. Bg5 Be7
21. Qc2 h6 22. Bf4 Bd6 23. Be5 Bxe5 24. dxe5 Nh5 25. Qd2 Rxb1 26. Bxb1 f5 27. c4
Qd8 28. cxd5 Qxd5 29. Qxd5 exd5 30. Bc2 Nf4 31. Ba4 Ne7 32. Rd1 Ne2+ 33. Kf1 Nc3
34. Rd4 Nxa2 35. Nd2 Rb8 36. Bb3 Nb4 37. g4 fxg4 38. hxg4 Kf7 39. f4 g6 40. Ba4
Ke6 41. Nb3 Rc8 42. Nxa5 1/2-1/2

[Event "Open Ricany 2011"]
[Site "http://www.openricany.cz"]
[Date "2011.08.22"]
[Round "4.20"]
[White "Pospisil, Martin"]
[Black "Kaiser, Rudolf"]
[Result "1-0"]
[WhiteElo "2035"]
[BlackElo "1949"]

1. d4 e5 2. dxe5 Nc6 3. Nf3 Qe7 4. Nc3 Nxe5 5. Nxe5 Qxe5 6. g3 Bb4 7. Bg2 Bxc3+
8. bxc3 Qxc3+ 9. Bd2 Qc5 10. O-O Nf6 11. Rb1 d6 12. Bxb7 Bxb7 13. Rxb7 O-O
14. Be3 Qc6 15. Rb3 Nd5 16. Bd4 a5 17. a3 f5 18. e3 Nf6 19. Bxf6 Rxf6 20. Qd4
Qe4 21. Qxe4 fxe4 22. Rb7 Rf7 23. Rd1 Raf8 24. Rd2 g6 25. Ra7 d5 26. Rxa5 c6
27. Rc5 Rf6 28. a4 Ra8 29. a5 Kg7 30. c4 dxc4 31. Rc2 Rd8 32. R5xc4 Rd1+ 33. Kg2
Ra1 34. Rxe4 Rxa5 35. Re7+ Kh6 36. Rc7 Ra6 37. h4 Rd6 38. Rc5 Rb6 39. g4 Re6
40. g5+ 1-0

[Event "Open Ricany 2011"]
[Site "http://www.openricany.cz"]
[Date "2011.08.22"]
[Round "4.16"]
[White "Voracek, Zdenek"]
[Black "Cervenka, Petr"]
[Result "1-0"]
[WhiteElo "2067"]
[BlackElo "1949"]

1. d4 e6 2. c4 f5 3. g3 Nf6 4. Bg2 Be7 5. Nc3 O-O 6. e4 fxe4 7. Nxe4 d5
8. Nxf6+ Bxf6 9. Ne2 Nc6 10. Be3 b6 11. O-O Ba6 12. Nf4 Bxc4 13. Nxe6 Qd6
14. Nxf8 Bxf1 15. Nxh7 Bxd4 16. Kxf1 Bxe3 17. Qxd5+ Kxh7 18. Qxd6 cxd6 19. fxe3
Rf8+ 20. Ke2 Ne5 21. h3 Rc8 22. Be4+ g6 23. Rd1 Nf7 24. Bd5 Ne5 25. Be6 Rc6
26. Bd5 Rc8 27. Bb3 Rd8 28. Rc1 Rd7 29. Rc8 Kg7 30. e4 Kf6 31. Ke3 Rh7 32. h4 g5
33. hxg5+ Kxg5 34. Ra8 Kf6 35. Rd8 Ke7 36. Ra8 Kf6 37. Re8 Kg5 38. Ra8 Kf6
39. Re8 Kg5 40. Rd8 Rh3 41. Rg8+ Kf6 42. Kf4 Nd3+ 43. Kg4 Nf2+ 44. Kf3 Nd3
45. Re8 Kg5 46. Rd8 Ne5+ 47. Kg2 Rh6 48. Rg8+ Kf6 49. Re8 Kg5 50. Re6 Nd3
51. Rxh6 Kxh6 52. Kf3 Nxb2 53. Ke3 a5 54. a4 b5 55. axb5 a4 56. b6 axb3 57. b7
Nd1+ 58. Kd2 b2 59. b8=Q b1=Q 60. Qxb1 Nc3 61. Kxc3 1-0

[Event "Open Ricany 2011"]
[Site "http://www.openricany.cz"]
[Date "2011.08.22"]
[Round "4.34"]
[White "Framberk, Jan"]
[Black "Pycha, Patrik"]
[Result "1/2-1/2"]
[WhiteElo "2062"]
[BlackElo "1770"]

1. e4 c5 2. Nf3 d6 3. c3 Nf6 4. Bc4 e6 5. Qe2 Be7 6. O-O O-O 7. Bb3 Nc6 8. d4
cxd4 9. cxd4 d5 10. e5 Nd7 11. Nc3 Qb6 12. Qd3 Re8 13. Bc2 Nf8 14. a3 Bd7
15. Na4 Qc7 16. Bf4 Rac8 17. Rac1 Qb8 18. Nc5 Bxc5 19. dxc5 Ne7 20. b4 a6
21. Nd4 Nc6 22. Rfe1 Nxd4 23. Qxd4 Ng6 24. Bg3 Qc7 25. h4 a5 26. h5 Nf8 27. h6
g6 28. Qf4 f5 29. Qg5 Qd8 30. Qf4 Bb5 31. Bh4 Qd7 32. Qd4 a4 33. Bd3 Rc7 34. Bg5
Rec8 35. Red1 Qe8 36. g4 fxg4 37. Qxg4 Rf7 38. Bxb5 Qxb5 39. Rxd5 exd5 40. Qxc8
Qe2 41. Be3 Qh5 42. e6 Qg4+ 43. Kf1 Qxe6 44. Qxe6 Nxe6 45. Rd1 Rd7 46. Bd4 Nc7
47. Rd3 Nb5 48. Ke2 Kf7 49. Bb2 d4 50. Kf3 Kf6 51. Ke4 Re7+ 52. Kd5 Re2
53. Bxd4+ Nxd4 54. Rxd4 Rxf2 55. b5 Rb2 56. Rxa4 Rxb5 57. Rb4 Rxb4 58. axb4 Ke7
59. Ke5 Kf7 60. b5 Ke7 61. c6 bxc6 62. bxc6 g5 63. Kf5 g4 64. Kxg4 Kd6 65. Kf5
Kxc6 66. Kf6 Kd6 67. Kg7 Ke7 68. Kxh7 Kf7 1/2-1/2

[Event "Open Ricany 2011"]
[Site "http://www.openricany.cz"]
[Date "2011.08.23"]
[Round "5.12"]
[White "Filip, Vojtech"]
[Black "Wasserbauer, Radek"]
[Result "0-1"]
[WhiteElo "1784"]
[BlackElo "2145"]

1. e4 d5 2. exd5 Qxd5 3. d4 g6 4. c3 Bg7 5. Nf3 Nf6 6. Bf4 c5 7. Bxb8 Rxb8
8. Qa4+ Bd7 9. Qxa7 Rc8 10. Nbd2 Qe6+ 11. Be2 O-O 12. Ng5 Qf5 13. Ngf3 Qe6
14. Ng5 Qc6 15. O-O cxd4 16. cxd4 Qd5 17. Ngf3 Rc2 18. b3 Bc6 19. Bc4 Qd6
20. Rac1 Rxd2 21. Nxd2 Ng4 22. g3 Bxd4 23. Qa5 Qf6 24. Qc7 0-1

[Event "Open Ricany 2011"]
[Site "http://www.openricany.cz"]
[Date "2011.08.23"]
[Round "5.24"]
[White "Nemec, David"]
[Black "Forman, Miroslav"]
[Result "0-1"]
[WhiteElo "2037"]
[BlackElo "1912"]

1. d4 Nc6 2. e4 e5 3. d5 Nce7 4. c4 Ng6 5. Nc3 Bc5 6. Na4 Bb4+ 7. Bd2 Bxd2+
8. Qxd2 Nf6 9. Nc3 O-O 10. g3 d6 11. Bg2 Qe7 12. Nge2 a5 13. O-O Nd7 14. Na4 b6
15. Nec3 Nc5 16. Qc2 Nxa4 17. Nxa4 f5 18. f3 f4 19. Nc3 Bd7 20. Nb5 Rac8 21. a3
Qg5 22. Qd2 h6 23. Kh1 Qh5 24. g4 Qg5 25. b4 a4 26. Qc2 h5 27. gxh5 Qxh5
28. Qxa4 Nh4 29. Rf2 Rf6 30. Qb3 Rh6 31. a4 Nf5 32. Bf1 Qh4 33. Raa2 Ng3+
34. Kg1 Rf8 35. a5 Rff6 36. a6 Rfg6 37. Rg2 Ne2+ 38. Rxe2 Qxh2+ 39. Kf2 Qh4+
40. Kg1 Qh1+ 41. Kf2 Rxg2+ 42. Ke1 Rxe2+ 43. Kxe2 Rh2+ 0-1

[Event "Open Ricany 2011"]
[Site "http://www.openricany.cz"]
[Date "2011.08.23"]
[Round "5.41"]
[White "Hanl, Frantisek"]
[Black "Popelka, Pavel"]
[Result "0-1"]
[WhiteElo "1849"]
[BlackElo "1984"]

1. e4 c5 2. c3 Nc6 3. d4 cxd4 4. cxd4 d5 5. exd5 Qxd5 6. Be3 Nf6 7. Nc3 Qa5
8. Bc4 e6 9. Ne2 Bd6 10. O-O O-O 11. a3 Ne7 12. b4 Bxh2+ 13. Kxh2 Qc7+ 14. g3
Qxc4 15. Bg5 Ng4+ 16. Kg1 f6 17. Be3 e5 18. dxe5 Nxe3 19. fxe3 Bh3 20. exf6 Qc6
21. Nf4 Rxf6 22. Nxh3 Rxf1+ 23. Qxf1 Qxc3 24. Re1 Rf8 25. Qe2 Nc6 26. Kg2 Qxa3
27. Qc4+ Kh8 28. Ng5 Qb2+ 29. Re2 Qf6 30. b5 Qf1+ 31. Kh2 Ne5 32. Nf7+ Nxf7
33. Qa2 Ng5 34. Rg2 Nf3+ 35. Kh3 Qxb5 36. Rf2 Qh5+ 37. Kg2 Qh6 38. Kf1 Qh1+
39. Ke2 Qe1+ 40. Kd3 Ne5+ 41. Ke4 Qxf2 42. Qa3 Nc6 43. Kd5 Rd8+ 44. Ke6 Qf6# 0-1

[Event "Open Ricany 2011"]
[Site "http://www.openricany.cz"]
[Date "2011.08.23"]
[Round "5.38"]
[White "Hadrava, Jaroslav"]
[Black "Vavrinec, Tomas"]
[Result "0-1"]
[WhiteElo "1890"]
[BlackElo "2015"]

1. e4 e6 2. d4 d5 3. Nc3 Bb4 4. e5 c5 5. Bd2 Nh6 6. Nb5 Bxd2+ 7. Qxd2 O-O
8. dxc5 Nc6 9. Nf3 b6 10. b4 a5 11. Nd6 axb4 12. Nxc8 Rxc8 13. cxb6 Qxb6 14. Bd3
Ng4 15. Rb1 Ra8 16. Rb2 Rfb8 17. Ng5 Ngxe5 18. Bxh7+ Kf8 19. Bd3 Qd4 20. Rb1
Rxa2 21. O-O Nxd3 22. Qxd3 Qxd3 23. cxd3 b3 24. f4 Nd4 25. f5 exf5 26. g4 f6
27. Nh3 Ne2+ 28. Kh1 fxg4 29. Nf4 Nxf4 30. Rxf4 b2 31. Rff1 Rc8 32. Kg2 Rc1
33. Kf2 Rxf1+ 0-1

[Event "Open Ricany 2011"]
[Site "http://www.openricany.cz"]
[Date "2011.08.23"]
[Round "5.47"]
[White "Hampel, Rudolf"]
[Black "Lorenc, Tomas"]
[Result "1/2-1/2"]
[WhiteElo "1837"]
[BlackElo "1875"]

1. e4 d5 2. exd5 Nf6 3. d4 Nxd5 4. c4 Nb4 5. a3 N4c6 6. Nf3 Bg4 7. Be2 e6
8. Be3 Be7 9. O-O Bf6 10. Nc3 O-O 1/2-1/2

[Event "Open Ricany 2011"]
[Site "http://www.openricany.cz"]
[Date "2011.08.23"]
[Round "5.23"]
[White "Cervenka, Petr"]
[Black "Skacel, Jan"]
[Result "0-1"]
[WhiteElo "1949"]
[BlackElo "2050"]

1. e4 e5 2. Nf3 Nc6 3. Bc4 Nf6 4. d4 exd4 5. e5 d5 6. Bb5 Ne4 7. Nxd4 Bc5
8. Be3 O-O 9. f3 Nxd4 10. Bxd4 Qh4+ 11. g3 Nxg3 12. Bd3 Nxh1+ 13. Ke2 Qxh2+ 0-1

[Event "Open Ricany 2011"]
[Site "http://www.openricany.cz"]
[Date "2011.08.23"]
[Round "5.26"]
[White "Kaiser, Rudolf"]
[Black "Matejovsky, Ondrej"]
[Result "0-1"]
[WhiteElo "1949"]
[BlackElo "2030"]

1. f4 d5 2. Nf3 c5 3. e3 Nc6 4. Bb5 Bd7 5. Bxc6 Bxc6 6. d3 g6 7. O-O Bg7 8. Qe1
e6 9. e4 dxe4 10. dxe4 Nf6 11. Nc3 O-O 12. h3 b5 13. e5 Nd5 14. Ne4 Nb4 15. Qe2
Bxe4 16. Qxe4 Qd5 17. Qe2 Qc6 18. c3 Nd5 19. Nd2 c4 20. Ne4 Rfd8 21. Rd1 Rd7
22. g3 Rad8 23. Ng5 Nxc3 0-1

[Event "Open Ricany 2011"]
[Site "http://www.openricany.cz"]
[Date "2011.08.23"]
[Round "5.42"]
[White "Soltys, Roman"]
[Black "Hronik, Petr"]
[Result "0-1"]
[WhiteElo "1825"]
[BlackElo "1966"]

1. d4 d5 2. Nf3 Nf6 3. Nbd2 Bf5 4. c4 e6 5. cxd5 exd5 6. e3 Bd6 7. Bb5+ c6
8. Ba4 Nbd7 9. O-O Qc7 10. Re1 Ne4 11. Nf1 Ndf6 12. Bc2 h5 13. Nh4 Bh7 14. f4
O-O-O 15. Nf3 Rdg8 16. Bxe4 Nxe4 17. Ng3 f6 18. Nxe4 Bxe4 19. Kf2 g5 20. g3 h4
21. Rg1 Qh7 22. Qf1 Bxf3 23. Kxf3 Qe4+ 24. Kf2 hxg3+ 25. hxg3 gxf4 26. exf4 Re8
27. Rg2 Qxd4+ 28. Kf3 Qe4+ 29. Kf2 Bc5+ 0-1

[Event "Open Ricany 2011"]
[Site "http://www.openricany.cz"]
[Date "2011.08.23"]
[Round "5.1"]
[White "Gregor, Jiri"]
[Black "Svoboda, Vaclav"]
[Result "1/2-1/2"]
[WhiteElo "2262"]
[BlackElo "2286"]

1. d4 Nf6 2. c4 e6 3. Nc3 Bb4 4. e3 d5 5. cxd5 exd5 6. Bd3 O-O 7. Ne2 Re8
8. Bd2 Bf8 9. Qc2 b6 10. a3 c5 11. dxc5 bxc5 12. O-O Nbd7 13. Nf4 Bb7 14. Rfe1
Rc8 15. Nce2 g6 16. Ng3 1/2-1/2

[Event "Open Ricany 2011"]
[Site "http://www.openricany.cz"]
[Date "2011.08.23"]
[Round "5.5"]
[White "Kulhanek, Tomas"]
[Black "Volodymyr, Liuba"]
[Result "1/2-1/2"]
[WhiteElo "2375"]
[BlackElo "2116"]

1. e4 c5 2. Nf3 d6 3. c3 Nf6 4. h3 Nc6 5. Bd3 g6 6. Bc2 Bg7 7. d4 cxd4 8. cxd4
d5 9. e5 Ne4 10. O-O f6 11. exf6 exf6 12. Nc3 Nxc3 13. bxc3 O-O 14. Re1 Re8
15. Rb1 Rxe1+ 16. Nxe1 Qe7 17. Bb3 Be6 18. Nd3 g5 19. Qf3 1/2-1/2

[Event "Open Ricany 2011"]
[Site "http://www.openricany.cz"]
[Date "2011.08.23"]
[Round "5.35"]
[White "Boucek, Vlastimil"]
[Black "Rihova, Kamila"]
[Result "1-0"]
[WhiteElo "1984"]
[BlackElo "1631"]

1. e4 e5 2. Nc3 Bc5 3. g3 d6 4. Bg2 Ne7 5. Nge2 Nbc6 6. Na4 O-O 7. d3 Bb6
8. Nxb6 axb6 9. Nc3 f5 10. Bg5 Qe8 11. Nb5 Qd7 12. exf5 Nxf5 13. c3 Qf7 14. O-O
Be6 15. b3 Rxa2 16. Rxa2 Bxb3 17. Rc2 Qg6 18. Be3 Nxe3 19. fxe3 Rxf1+ 20. Qxf1
h6 21. Rf2 Qg5 22. Rf8+ 1-0

[Event "Open Ricany 2011"]
[Site "http://www.openricany.cz"]
[Date "2011.08.23"]
[Round "5.48"]
[White "Sedivy, Ondrej"]
[Black "Plicka, Petr"]
[Result "0-1"]
[WhiteElo "1782"]
[BlackElo "1864"]

1. c4 Nf6 2. Nc3 e5 3. g3 c6 4. Bg2 Be7 5. Nf3 d6 6. O-O O-O 7. d3 h6 8. b4 Be6
9. a4 Nbd7 10. e3 Qc7 11. Bb2 Rfd8 12. Nd2 Nf8 13. f4 exf4 14. Rxf4 Qb6 15. Qe2
Ng6 16. Rf2 Ng4 17. Rf3 N6e5 18. Rf4 Qxe3+ 19. Qxe3 Nxe3 20. Be4 f5 21. Re1 Nc2
22. Rc1 fxe4 23. Rxc2 exd3 24. Rc1 Bg5 25. Rcf1 Bxf4 26. Rxf4 Rf8 27. Rd4 Nf3+
28. Nxf3 Rxf3 29. Ne4 Raf8 30. Rxd6 Bh3 0-1

[Event "Open Ricany 2011"]
[Site "http://www.openricany.cz"]
[Date "2011.08.23"]
[Round "5.43"]
[White "Cerny, Michal"]
[Black "Hybl, Vladislav"]
[Result "0-1"]
[WhiteElo "1806"]
[BlackElo "1925"]

1. e4 e6 2. d4 d5 3. Nd2 dxe4 4. Nxe4 Nd7 5. Nf3 Ngf6 6. Bg5 Be7 7. Nxf6+ Nxf6
8. Bd3 c5 9. dxc5 Qa5+ 10. c3 Qxc5 11. Qc2 h6 12. Be3 Qc7 13. O-O O-O 14. h3 Bd7
15. Bd4 Bc6 16. Ne5 Nd5 17. Rae1 Bf6 18. Be4 Bb5 19. Bd3 Bxd3 20. Qxd3 Ne7
21. c4 Rfd8 22. Qe4 Rxd4 23. Qxd4 Nc6 24. Qc5 Bxe5 25. b3 Rd8 26. Rd1 Bh2+
27. Kh1 Bd6 28. Qe3 Be7 29. Rxd8+ Qxd8 30. f4 Bf6 31. f5 Qd4 32. Qxd4 Bxd4
33. fxe6 fxe6 34. g4 e5 35. Re1 Kf7 36. Kg2 Nb4 37. a3 Nc2 38. Re2 Nxa3 39. Kf3
Nb1 40. b4 Nc3 41. Re1 Na4 42. Ke4 Ke6 43. Kd3 Nb2+ 0-1

[Event "Open Ricany 2011"]
[Site "http://www.openricany.cz"]
[Date "2011.08.23"]
[Round "5.33"]
[White "Kubik, Jaroslav"]
[Black "Vrecion, Jiri"]
[Result "1/2-1/2"]
[WhiteElo "1987"]
[BlackElo "1771"]

1. d4 Nf6 2. Nf3 d6 3. c4 g6 4. Nc3 Bg7 5. e4 O-O 6. Be2 Nbd7 7. O-O e5 8. d5
Nc5 9. Qc2 Bg4 10. b4 Ncd7 11. Nd2 Bxe2 12. Nxe2 a5 13. b5 Nc5 14. a4 h5 15. f3
Bh6 16. Nb3 Bxc1 17. Nexc1 Nxb3 18. Nxb3 b6 19. Qe2 Kg7 20. Ra2 Rh8 21. Nd2 Qe7
22. Rf2 Rag8 23. Nf1 Kf8 24. Ne3 h4 25. h3 Nh5 26. Nf1 Nf4 27. Qc2 Qg5 28. Kh1
Ke7 29. Ra1 f5 30. Re1 Rf8 31. Kh2 Kd7 32. Kh1 Nh5 33. Qd2 Qf6 34. Kh2 Ng3
35. exf5 Nxf1+ 36. Rexf1 gxf5 37. Qc2 1/2-1/2

[Event "Open Ricany 2011"]
[Site "http://www.openricany.cz"]
[Date "2011.08.23"]
[Round "5.40"]
[White "Kovar, Jan"]
[Black "Sargsjan, Karen"]
[Result "1/2-1/2"]
[WhiteElo "2002"]
[BlackElo "1881"]

1. d4 e6 2. c4 d5 3. Nc3 Nf6 4. Nf3 Be7 5. e3 O-O 6. Bd3 a6 7. cxd5 exd5 8. h3
Re8 9. O-O Bd6 10. Qc2 h6 11. Bd2 Nbd7 12. Rac1 Qe7 13. Rfe1 Qd8 14. e4 dxe4
15. Nxe4 Nxe4 16. Bxe4 Nf6 17. Bd3 Be6 18. a3 Rc8 19. b4 c6 20. Ne5 Bc7 21. Rcd1
Qxd4 22. Bg5 Bb3 23. Qxb3 Rxe5 24. Be3 Qh4 25. Bc4 Qh5 26. Bd4 Rxe1+ 27. Rxe1
Re8 28. Rxe8+ Nxe8 29. g4 Qg6 30. Qe3 Nd6 31. Bd3 1/2-1/2

[Event "Open Ricany 2011"]
[Site "http://www.openricany.cz"]
[Date "2011.08.23"]
[Round "5.44"]
[White "Marik, Miloslav"]
[Black "Eisner, Oldrich"]
[Result "1-0"]
[WhiteElo "1988"]
[BlackElo "1822"]

1. e4 c5 2. Nc3 Nc6 3. g3 g6 4. Bg2 Bg7 5. d3 d6 6. Be3 e6 7. Qd2 Qa5 8. f4
Nge7 9. Nge2 Nd4 10. O-O Nxe2+ 11. Qxe2 O-O 12. Nd1 Nc6 13. c3 Bd7 14. g4 f5
15. exf5 exf5 16. g5 Rae8 17. Qf2 Be6 18. h4 Qc7 19. Bd2 Ne7 20. Ne3 d5 21. Nc2
b5 22. d4 c4 23. Ne1 Nc8 24. Nf3 Nd6 25. Ne5 Ne4 26. Qe1 Bf7 27. Bf3 Ra8 28. Kg2
Bxe5 29. dxe5 Be6 30. Be3 Kg7 31. h5 Rh8 32. Rh1 a6 33. Rh4 Rad8 {dale
necitelne} 1-0

[Event "Open Ricany 2011"]
[Site "http://www.openricany.cz"]
[Date "2011.08.23"]
[Round "5.52"]
[White "Koller, Martin"]
[Black "Paulovic, Milan"]
[Result "1-0"]
[WhiteElo "1758"]
[BlackElo "1933"]

1. d4 Nf6 2. c4 d5 3. Nc3 e6 4. cxd5 exd5 5. Bg5 c6 6. e3 Be7 7. Bd3 h6 8. Bf4
Bd6 9. Nge2 O-O 10. O-O Bg4 11. f3 Be6 12. Qd2 Nh5 13. Bxd6 Qxd6 14. e4 g5
15. e5 Qe7 16. f4 gxf4 17. Nxf4 Qg5 18. Rf2 Nxf4 19. Rxf4 f5 20. Raf1 Nd7
21. Qf2 Rae8 22. h4 Qh5 23. Bxf5 Rxf5 24. Rxf5 Bxf5 25. Qxf5 Qxf5 26. Rxf5 Re6
27. Kf2 Kg7 28. Kf3 b5 29. Ne2 b4 30. Nf4 Re8 31. Nh5+ Kg6 32. g4 a5 33. Nf6 Re7
34. Nxd7 Rxd7 35. Rf6+ Kg7 36. Rxc6 Rf7+ 37. Ke3 Rf1 38. Rc5 Ra1 39. Rxa5 b3
40. a3 Rb1 41. Kd3 Rg1 42. g5 Rg3+ 43. Kd2 Rg2+ 44. Kc3 Rg3+ 45. Kb4 hxg5
46. hxg5 Kg6 47. Rxd5 Kxg5 48. Rc5 Kf5 49. Rc3 Rxc3 50. Kxc3 1-0

[Event "Open Ricany 2011"]
[Site "http://www.openricany.cz"]
[Date "2011.08.23"]
[Round "5.50"]
[White "Nigrin, Jiri"]
[Black "Rezac, Jindrich"]
[Result "0-1"]
[WhiteElo "1700"]
[BlackElo "1862"]

1. c4 e5 2. Nc3 Nf6 3. g3 Be7 4. Bg2 O-O 5. e3 c6 6. Nge2 d5 7. cxd5 cxd5 8. d4
e4 9. O-O Bg4 10. Qb3 Qd7 11. Nf4 Rd8 12. Bd2 Nc6 13. h3 Bf5 14. Kh2 g5 15. Nfe2
h5 16. a3 Kg7 17. Rh1 Rac8 18. Rac1 Rh8 19. Be1 Bd6 20. Kg1 Bb8 21. Qa4 a6
22. b4 h4 23. Rc2 hxg3 24. fxg3 Bxh3 25. Nc1 Bxg2 26. Rxg2 Rxh1+ 27. Kxh1 Qh3+
28. Kg1 Rh8 29. Qd1 Ng4 0-1

[Event "Open Ricany 2011"]
[Site "http://www.openricany.cz"]
[Date "2011.08.23"]
[Round "5.19"]
[White "Zvara, David"]
[Black "Hadzala, Daniel"]
[Result "1-0"]
[WhiteElo "1979"]
[BlackElo "2162"]

1. d4 Nf6 2. c4 d6 3. Nc3 Nbd7 4. Nf3 e5 5. e4 c6 6. Be2 Be7 7. O-O O-O 8. Re1
Re8 9. Bf1 Bf8 10. d5 c5 11. a3 Nh5 12. b4 g6 13. Rb1 Ng7 14. Nd2 f5 15. Nb3 b6
16. bxc5 Nxc5 17. Nxc5 bxc5 18. Qa4 fxe4 19. Nxe4 Bf5 20. Rb7 Bxe4 21. Rxe4 a6
22. Re2 Nf5 23. Reb2 Re7 24. Rxe7 Bxe7 25. Rb7 Nd4 26. f4 Bf6 27. Qd7 Qxd7
28. Rxd7 Rd8 29. Ra7 Nb3 30. Bb2 Nd2 31. Rxa6 Rb8 32. Bc3 e4 33. Bxf6 Rb1
34. Kf2 Nxf1 35. Rxd6 Nd2 36. Rc6 Nxc4 37. Rxc5 Nxa3 38. d6 Rd1 39. Be5 Rd3
40. Ke2 Kf7 41. Rc7+ Ke6 42. Re7+ Kf5 43. h3 h5 44. d7 Nb5 45. g3 Nd4+ 46. Bxd4
Rxd4 47. Rf7+ Ke6 48. Ke3 Rd1 49. Rh7 Kf5 50. g4+ hxg4 51. hxg4+ Kxg4 52. Kxe4
Re1+ 53. Kd3 Rd1+ 54. Ke2 Rd6 55. Rf7 g5 56. Ke3 Kh5 57. f5 Kg4 58. Ke4 Rd1
59. Ke5 1-0

[Event "Open Ricany 2011"]
[Site "http://www.openricany.cz"]
[Date "2011.08.23"]
[Round "5.8"]
[White "Horak, Vladimir"]
[Black "Haba, Zdenek"]
[Result "0-1"]
[WhiteElo "2043"]
[BlackElo "2207"]

1. d4 Nf6 2. c4 g6 3. Nc3 Bg7 4. e4 d6 5. Nf3 O-O 6. Be2 c5 7. d5 b5 8. cxb5 a6
9. O-O axb5 10. Bxb5 Ba6 11. Qe2 Bxb5 12. Nxb5 Nbd7 13. Bd2 Ra4 14. Nc3 Rb4
15. Rab1 Qb8 16. b3 Rc8 17. Ne1 Rb7 18. Nc2 Ne8 19. Ne3 Qa7 20. Na4 Nc7 21. Bc3
Nb5 22. Bxg7 Kxg7 23. Nc4 Nd4 24. Qd2 Rcb8 25. Rb2 Rb4 26. f4 Rxc4 27. bxc4 Qxa4
28. Rxb8 Nxb8 29. e5 Qxc4 30. exd6 exd6 31. f5 Nd7 32. fxg6 hxg6 33. h4 Qxd5
34. a4 Nf3+ 0-1

[Event "Open Ricany 2011"]
[Site "http://www.openricany.cz"]
[Date "2011.08.23"]
[Round "5.2"]
[White "Sodoma, Jan"]
[Black "Haman, Jakub"]
[Result "1-0"]
[WhiteElo "2365"]
[BlackElo "2146"]

1. d4 d5 2. Nf3 Nf6 3. c4 dxc4 4. e3 e6 5. Bxc4 a6 6. a4 b6 7. O-O Bb7 8. Nc3
Nbd7 9. Qe2 Bd6 10. e4 e5 11. Bg5 h6 12. Bh4 O-O 13. Rad1 Qe8 14. dxe5 Bxe5
15. Nxe5 Qxe5 16. f4 Qc5+ 17. Kh1 Rfe8 18. e5 g5 19. Bxf7+ Kxf7 20. fxg5 Rxe5
21. Qh5+ Ke6 22. Qxh6 Qf8 23. Qxf8 Rxf8 24. gxf6 Nxf6 25. Bg3 Rg5 26. Ne2 Rfg8
27. Nd4+ Ke7 28. Nf5+ Ke6 29. Nd4+ Ke7 30. Rde1+ Ne4 31. Bh4 1-0

[Event "Open Ricany 2011"]
[Site "http://www.openricany.cz"]
[Date "2011.08.23"]
[Round "5.46"]
[White "Tvrdy, Jindrich"]
[Black "Ruzicka, Vaclav"]
[Result "1-0"]
[WhiteElo "1920"]
[BlackElo "1704"]

1. e4 e5 2. Nc3 Nf6 3. f4 d5 4. fxe5 Nxe4 5. d3 Nxc3 6. bxc3 c5 7. Nf3 Nc6
8. Be2 Be7 9. O-O f6 10. d4 cxd4 11. cxd4 O-O 12. exf6 Bxf6 13. c3 Bf5 14. Bd3
Bxd3 15. Qxd3 Qd7 16. Bf4 Rae8 17. Bg5 Kh8 18. Bxf6 gxf6 19. Nh4 Qg4 20. Nf5 Rg8
21. Qf3 Qxf3 22. Rxf3 Re2 23. Rf2 Rge8 24. Rxe2 Rxe2 25. Rb1 b6 26. Rb5 Ne7
27. Nxe7 Rxe7 28. Rxd5 Rc7 29. Rf5 Kg7 30. Rf3 b5 31. d5 Rd7 32. Rd3 Kf7 33. Kf2
f5 34. Ke3 Kf6 35. Kd4 Rc7 36. d6 Rd7 37. Kd5 a6 38. Re3 Kf7 39. Kc6 Rd8 40. Kc7
Ra8 41. d7 Ra7+ 42. Kc8 Ra8+ 43. Kb7 Rd8 44. Kc7 1-0

[Event "Open Ricany 2011"]
[Site "http://www.openricany.cz"]
[Date "2011.08.23"]
[Round "5.3"]
[White "Juptner, Jan"]
[Black "Rehorek, Martin"]
[Result "1/2-1/2"]
[WhiteElo "2293"]
[BlackElo "2296"]

1. d4 Nf6 2. c4 e6 3. Nc3 Bb4 4. Nf3 c5 5. g3 cxd4 6. Nxd4 Ne4 7. Qd3 Qa5
8. Nb3 Nxc3 9. Bd2 Ne4 10. Nxa5 Bxd2+ 11. Qxd2 Nxd2 12. Kxd2 Nc6 13. Nxc6 dxc6
14. Bg2 e5 15. Kc3 Bg4 16. h3 Be6 17. Rhd1 Rd8 18. Rxd8+ Kxd8 19. Rd1+ Ke7
20. b4 Ra8 21. a4 a5 22. bxa5 Rxa5 23. Kb4 Ra8 24. a5 f6 25. f4 h6 26. fxe5 fxe5
27. Rd3 Bd7 28. h4 Bf5 29. Re3 Kd6 30. Be4 Bd7 31. Rd3+ Ke7 32. Ra3 Kd6 33. Rd3+
Ke7 34. Rd1 Bg4 35. Rd2 Bd7 36. Rd3 Be6 37. Re3 Kd6 38. Bf3 Bf5 39. g4 Bd7
40. Rd3+ Ke7 41. Re3 Kd6 42. c5+ Ke6 43. Be4 Kf6 44. Bf5 Bxf5 45. gxf5 1/2-1/2